000
00325nam a22001457a 4500
008
210303b ||||| |||| 00| 0 eng d
020
_a
2901420067049
041
_a
eng
080
_2
3rd
_a
573
082
_a
573
100
_a
11
101
_a
BIO
245
_a
Fundamentals of Ecotoxicology
_c
Newman, M.C
942
_2
udc
_c
BK
999
_c
55577
_d
55577